00356nam a2200085Ia 4500008004100000245008000041260000900121300010700130650003300237180130s9999 xx 000 0 und d cSudak, Donna M.aCore competencies in cognitive behavioral therapy training c2016 aBook title: Teaching and supervising cognitive behavioral therapy--Acession number C20879; pages 25-36 aCOGNITIVE BEHAVIORAL THERAPY